[Event "MP do lat 16 - dziewczeta"]
[Site "Sypniewo"]
[Date "2022.03.24"]
[Round "6.4"]
[White "Giemza, Julia"]
[Black "Szopa, Emilia"]
[Result "0-1"]
[BlackElo "1758"]
[WhiteElo "1512"]
[LiveChessVersion "1.4.8"]

1. e4 {[%clk 1:30:59]} c5 {[%clk 1:30:31]} 2. Nf3 {[%clk 1:31:22]} Nc6
{[%clk 1:30:42]} 3. Bb5 {[%clk 1:31:45]} d6 {[%clk 1:28:26]} 4. O-O
{[%clk 1:31:53]} Bd7 {[%clk 1:27:10]} 5. Re1 {[%clk 1:31:27]} a6 {[%clk 1:25:08]}
6. Bf1 {[%clk 1:30:56]} Nf6 {[%clk 1:22:36]} 7. c3 {[%clk 1:29:30]} Bg4
{[%clk 1:19:16]} 8. h3 {[%clk 1:26:44]} Bh5 {[%clk 1:18:37]} 9. Na3
{[%clk 1:24:12]} e5 {[%clk 1:16:10]} 10. Nc2 {[%clk 1:21:00]} Be7
{[%clk 1:11:34]} 11. d4 {[%clk 1:13:13]} cxd4 {[%clk 1:07:40]} 12. cxd4
{[%clk 1:13:15]} Bxf3 {[%clk 0:59:47]} 13. Qxf3 {[%clk 1:12:35]} exd4
{[%clk 0:54:29]} 14. Qd3 {[%clk 1:10:38]} Qb6 {[%clk 0:45:09]} 15. b3
{[%clk 1:07:37]} Nd7 {[%clk 0:41:52]} 16. Bb2 {[%clk 1:03:54]} Bf6
{[%clk 0:39:12]} 17. Rad1 {[%clk 0:58:55]} Nc5 {[%clk 0:21:44]} 18. Qd2
{[%clk 0:51:56]} Ne6 {[%clk 0:18:38]} 19. Bc4 {[%clk 0:46:55]} Bg5
{[%clk 0:11:52]} 20. Qe2 {[%clk 0:41:00]} Nf4 {[%clk 0:09:38]} 21. Qg4
{[%clk 0:36:00]} Ne5 {[%clk 0:06:09]} 22. Qxg5 Nxh3+ {[%clk 0:06:11]} 23. gxh3
{[%clk 0:34:10]} Nf3+ {[%clk 0:06:34]} 24. Kg2 {[%clk 0:34:23]} Nxg5
{[%clk 0:06:53]} 25. Bxd4 {[%clk 0:34:21]} Qc7 {[%clk 0:06:06]} 26. Nb4
{[%clk 0:33:10]} Qc8 {[%clk 0:04:01]} 27. Rd3 Ne6 {[%clk 0:03:03]} 28. Be3
{[%clk 0:31:59]} O-O {[%clk 0:03:02]} 29. Nd5 {[%clk 0:31:48]} Qd8
{[%clk 0:03:06]} 30. b4 {[%clk 0:31:10]} Qh4 {[%clk 0:02:23]} 31. Bd2
{[%clk 0:29:55]} Kh8 {[%clk 0:01:52]} 32. Rg3 {[%clk 0:27:21]} Rac8
{[%clk 0:01:15]} 33. Bd3 {[%clk 0:24:00]} Qd8 {[%clk 0:01:02]} 34. Kh2
{[%clk 0:23:05]} f6 {[%clk 0:01:16]} 35. Reg1 {[%clk 0:22:32]} Rf7
{[%clk 0:01:31]} 36. f4 {[%clk 0:21:49]} Rc6 {[%clk 0:01:21]} 37. f5
{[%clk 0:20:14]} Nc7 {[%clk 0:01:22]} 38. Nf4 {[%clk 0:20:23]} d5
{[%clk 0:01:08]} 39. exd5 {[%clk 0:18:52]} Nxd5 {[%clk 0:01:11]} 40. Ne6
{[%clk 0:48:07]} Qd6 {[%clk 0:31:10]} 41. a3 {[%clk 0:44:04]} Rc8
{[%clk 0:22:51]} 42. Kh1 {[%clk 0:43:14]} Nc7 {[%clk 0:17:09]} 43. Nc5
{[%clk 0:40:05]} Qd5+ {[%clk 0:15:46]} 44. R1g2 {[%clk 0:39:25]} b6
{[%clk 0:14:47]} 45. Na4 {[%clk 0:37:03]} Qc6 {[%clk 0:09:55]} 46. Nc3
{[%clk 0:36:21]} Re8 {[%clk 0:09:47]} 47. Kh2 {[%clk 0:35:41]} Rfe7
{[%clk 0:08:27]} 48. Ne2 {[%clk 0:33:49]} Nd5 {[%clk 0:08:09]} 49. Nd4
{[%clk 0:33:24]} Qd6 {[%clk 0:06:36]} 50. Ne2 {[%clk 0:30:34]} Ne3
{[%clk 0:06:23]} 51. Bxe3 {[%clk 0:28:53]} Rxe3 {[%clk 0:06:40]} 52. Bxa6
{[%clk 0:28:31]} Rxa3 {[%clk 0:06:16]} 53. Bc4 {[%clk 0:28:30]} Ree3
{[%clk 0:05:13]} 54. Bb5 {[%clk 0:27:40]} Ra2 {[%clk 0:04:04]} 55. Kg1
{[%clk 0:27:40]} Rxg3 {[%clk 0:04:14]} 56. Rxg3 {[%clk 0:27:37]} Rxe2
{[%clk 0:04:36]} 57. Rd3 {[%clk 0:27:33]} Qh2+ {[%clk 0:04:54]} 0-1

[Event "MP do lat 16 - dziewczeta"]
[Site "Sypniewo"]
[Date "2022.03.24"]
[Round "6.5"]
[White "Rejniak, Zuzanna"]
[Black "Starosta, Martyna"]
[Result "1/2-1/2"]
[BlackElo "1894"]
[WhiteElo "1816"]
[LiveChessVersion "1.4.8"]

1. e4 {[%clk 1:30:57]} e6 {[%clk 1:30:56]} 2. d4 {[%clk 1:31:21]} d5
{[%clk 1:31:20]} 3. Nc3 {[%clk 1:31:45]} Nf6 {[%clk 1:31:44]} 4. Bg5
{[%clk 1:31:56]} Bb4 {[%clk 1:32:00]} 5. e5 {[%clk 1:19:19]} h6 {[%clk 1:32:14]}
6. exf6 {[%clk 1:18:48]} hxg5 {[%clk 1:32:36]} 7. fxg7 {[%clk 1:19:14]} Rg8
{[%clk 1:33:01]} 8. a3 {[%clk 1:17:44]} Be7 {[%clk 1:28:39]} 9. h3
{[%clk 1:09:13]} Bf6 {[%clk 1:26:13]} 10. Nf3 {[%clk 1:09:13]} c5
{[%clk 1:15:56]} 11. dxc5 {[%clk 0:59:48]} Qa5 {[%clk 1:12:19]} 12. Qd2
{[%clk 0:58:29]} Qxc5 {[%clk 1:11:11]} 13. Nxg5 {[%clk 0:48:59]} Rxg7
{[%clk 1:07:56]} 14. h4 {[%clk 0:45:04]} Nc6 {[%clk 1:04:17]} 15. O-O-O
{[%clk 0:41:49]} Nd4 {[%clk 0:52:52]} 16. Kb1 {[%clk 0:36:38]} Nf5
{[%clk 0:44:09]} 17. Bb5+ {[%clk 0:26:42]} Kf8 {[%clk 0:39:10]} 18. Bd3
{[%clk 0:22:03]} Bxc3 {[%clk 0:36:30]} 19. Qxc3 {[%clk 0:22:04]} Qxc3
{[%clk 0:35:43]} 20. bxc3 {[%clk 0:22:30]} f6 {[%clk 0:32:30]} 21. Bxf5
{[%clk 0:21:25]} fxg5 {[%clk 0:29:22]} 22. Bg4 {[%clk 0:20:47]} gxh4
{[%clk 0:28:32]} 23. Rxh4 {[%clk 0:20:47]} Ke7 {[%clk 0:27:39]} 24. Bf3
{[%clk 0:19:46]} Bd7 {[%clk 0:27:44]} 25. c4 {[%clk 0:20:01]} Bc6
{[%clk 0:24:56]} 26. cxd5 {[%clk 0:20:00]} Bxd5 {[%clk 0:25:16]} 27. Bxd5
{[%clk 0:20:02]} exd5 {[%clk 0:25:40]} 28. Rxd5 {[%clk 0:19:36]} Rxg2
{[%clk 0:25:55]} 29. Rh7+ {[%clk 0:16:26]} Ke6 {[%clk 0:25:54]} 30. Rdd7
{[%clk 0:16:07]} Rxf2 {[%clk 0:20:42]} 31. Rhe7+ {[%clk 0:16:29]} Kf6
{[%clk 0:21:08]} 32. Rxb7 {[%clk 0:16:51]} Rf5 {[%clk 0:14:33]} 33. Rf7+
{[%clk 0:16:04]} Ke6 {[%clk 0:12:42]} 34. Rxf5 {[%clk 0:14:24]} Kxf5
{[%clk 0:13:05]} 35. Re7 {[%clk 0:10:10]} Rb8+ {[%clk 0:12:41]} 36. Kc1
{[%clk 0:09:10]} a6 {[%clk 0:12:57]} 37. Re3 {[%clk 0:08:27]} Rb6
{[%clk 0:12:59]} 38. Kd2 {[%clk 0:07:49]} Rd6+ {[%clk 0:12:01]} 39. Kc3
{[%clk 0:06:02]} Rb6 {[%clk 0:09:51]} 40. Kc4 {[%clk 0:34:47]} Rc6+
{[%clk 0:38:40]} 41. Kb3 {[%clk 0:32:56]} Rb6+ {[%clk 0:37:02]} 42. Kc4
{[%clk 0:32:24]} Rc6+ {[%clk 0:37:13]} 43. Kb3 {[%clk 0:27:55]} Rb6+
{[%clk 0:37:34]} 44. Ka4 {[%clk 0:28:11]} Rc6 {[%clk 0:37:40]} 45. Re2
{[%clk 0:27:54]} Rc4+ {[%clk 0:31:23]} 46. Ka5 {[%clk 0:28:09]} Rc3
{[%clk 0:31:20]} 47. Kb4 {[%clk 0:25:57]} Rc8 {[%clk 0:31:39]} 48. c4
{[%clk 0:26:03]} Rb8+ {[%clk 0:31:32]} 49. Kc3 {[%clk 0:25:25]} Rc8
{[%clk 0:31:31]} 50. Re7 {[%clk 0:25:12]} Rc6 {[%clk 0:30:58]} 51. Kd4
{[%clk 0:25:02]} Rd6+ {[%clk 0:30:01]} 52. Kc5 {[%clk 0:24:52]} Rd3
{[%clk 0:30:06]} 53. a4 {[%clk 0:25:01]} Ra3 {[%clk 0:29:19]} 54. Kb4
{[%clk 0:25:27]} Ra1 {[%clk 0:29:40]} 55. Ra7 {[%clk 0:25:43]} Ke6
{[%clk 0:29:39]} 56. Rxa6+ {[%clk 0:26:08]} Kd7 {[%clk 0:30:03]} 57. Kc5
{[%clk 0:25:47]} Kc7 {[%clk 0:30:08]} 58. Ra7+ {[%clk 0:26:12]} Kb8
{[%clk 0:30:24]} 59. Ra5 {[%clk 0:26:39]} Kc7 {[%clk 0:30:40]} 60. Ra6
{[%clk 0:26:14]} Kb7 {[%clk 0:30:48]} 61. Rb6+ {[%clk 0:25:15]} Kc7
{[%clk 0:30:25]} 62. Rb4 {[%clk 0:25:40]} Ra2 {[%clk 0:30:15]} 63. Kb5
{[%clk 0:25:56]} Kb7 {[%clk 0:30:14]} 64. c5 {[%clk 0:24:55]} Ra1
{[%clk 0:29:20]} 65. a5 {[%clk 0:21:44]} Ra2 {[%clk 0:25:20]} 66. c6+
{[%clk 0:20:43]} Kc7 {[%clk 0:24:27]} 67. a6 {[%clk 0:20:46]} Ra1
{[%clk 0:22:53]} 68. Rb2 {[%clk 0:13:36]} Ra3 {[%clk 0:23:12]} 69. Rh2
{[%clk 0:09:41]} Rb3+ {[%clk 0:23:22]} 70. Ka4 {[%clk 0:07:17]} Rb1
{[%clk 0:18:40]} 71. Rh6 {[%clk 0:03:53]} Kb6 {[%clk 0:13:17]} 72. a7
{[%clk 0:02:50]} Ra1+ {[%clk 0:11:12]} 73. Kb4 {[%clk 0:03:16]} Rxa7
{[%clk 0:11:34]} 1/2-1/2

[Event "MP do lat 16 - dziewczeta"]
[Site "Sypniewo"]
[Date "2022.03.24"]
[Round "6.6"]
[White "Obrochta, Lena"]
[Black "Grzesik, Nikola"]
[Result "1-0"]
[BlackElo "1374"]
[WhiteElo "1685"]
[LiveChessVersion "1.4.8"]

1. e4 {[%clk 1:30:51]} c5 {[%clk 1:30:55]} 2. Nf3 {[%clk 1:31:06]} Nc6
{[%clk 1:31:18]} 3. d4 {[%clk 1:31:28]} cxd4 {[%clk 1:31:44]} 4. Nxd4
{[%clk 1:31:45]} g6 {[%clk 1:31:45]} 5. Nc3 {[%clk 1:31:29]} Bg7 {[%clk 1:32:09]}
6. Nb3 {[%clk 1:31:00]} d6 {[%clk 1:32:31]} 7. Be2 {[%clk 1:30:40]} Nf6
{[%clk 1:32:50]} 8. O-O {[%clk 1:30:25]} O-O {[%clk 1:32:38]} 9. Re1
{[%clk 1:29:44]} a6 {[%clk 1:31:10]} 10. Bf1 {[%clk 1:28:39]} Qc7
{[%clk 1:30:43]} 11. Nd5 {[%clk 1:25:19]} Nxd5 {[%clk 1:27:22]} 12. exd5
{[%clk 1:25:25]} Ne5 {[%clk 1:25:48]} 13. c3 {[%clk 1:19:28]} e6 {[%clk 1:12:40]}
14. Bf4 {[%clk 1:13:18]} b5 {[%clk 1:05:44]} 15. a4 {[%clk 1:04:19]} bxa4
{[%clk 0:55:36]} 16. Rxa4 {[%clk 1:03:31]} exd5 {[%clk 0:54:47]} 17. Qxd5
{[%clk 0:54:59]} Bb7 {[%clk 0:51:48]} 18. Qd1 {[%clk 0:49:40]} Rfe8
{[%clk 0:44:13]} 19. Na5 {[%clk 0:42:25]} Bc6 {[%clk 0:25:01]} 20. Nxc6
{[%clk 0:38:11]} Qxc6 {[%clk 0:24:53]} 21. Rd4 {[%clk 0:38:18]} Qb6
{[%clk 0:16:42]} 22. Qa1 {[%clk 0:22:39]} Ng4 {[%clk 0:10:25]} 23. Rd2
{[%clk 0:21:48]} Be5 {[%clk 0:07:19]} 24. Bxe5 {[%clk 0:20:10]} dxe5
{[%clk 0:06:05]} 25. Qd1 {[%clk 0:17:04]} Nh6 {[%clk 0:03:37]} 26. Bc4
{[%clk 0:12:16]} Kg7 {[%clk 0:03:18]} 27. b3 {[%clk 0:07:02]} Nf5
{[%clk 0:03:06]} 28. Rd7 {[%clk 0:05:55]} Re7 {[%clk 0:01:56]} 29. Rxe7
{[%clk 0:04:01]} Nxe7 {[%clk 0:02:20]} 30. Qf3 {[%clk 0:04:26]} Rf8
{[%clk 0:02:07]} 31. Rxe5 {[%clk 0:04:45]} Nc6 {[%clk 0:01:40]} 32. Re8
{[%clk 0:03:25]} Qc7 {[%clk 0:01:06]} 33. Rxf8 {[%clk 0:02:41]} Kxf8
{[%clk 0:01:30]} 34. Bxa6 {[%clk 0:02:31]} Na5 {[%clk 0:00:57]} 35. b4
{[%clk 0:01:57]} Nc6 {[%clk 0:00:58]} 36. Bf1 {[%clk 0:01:50]} Qd6
{[%clk 0:00:47]} 37. Qd3 {[%clk 0:01:24]} Qf6 {[%clk 0:00:55]} 38. Qf3
{[%clk 0:01:03]} Qd6 {[%clk 0:01:08]} 39. b5 {[%clk 0:01:23]} Nd8
{[%clk 0:01:00]} 40. c4 {[%clk 0:31:37]} Qb6 {[%clk 0:30:40]} 41. Qa3+
{[%clk 0:30:53]} Kg7 {[%clk 0:29:57]} 42. c5 {[%clk 0:30:31]} Qc7
{[%clk 0:28:34]} 43. Qc3+ {[%clk 0:29:54]} Kg8 {[%clk 0:28:48]} 44. c6 h5
{[%clk 0:28:03]} 45. Qc5 {[%clk 0:27:03]} Kh7 {[%clk 0:26:45]} 46. g3
{[%clk 0:26:08]} h4 {[%clk 0:26:34]} 47. Bg2 {[%clk 0:26:25]} hxg3
{[%clk 0:25:48]} 48. hxg3 {[%clk 0:26:49]} Kg8 {[%clk 0:24:44]} 49. b6
{[%clk 0:27:07]} Qc8 {[%clk 0:24:54]} 50. Qd6 {[%clk 0:27:12]} 1-0

[Event "MP do lat 16 - dziewczeta"]
[Site "Sypniewo"]
[Date "2022.03.24"]
[Round "6.7"]
[White "Pudelko, Magdalena"]
[Black "Oborska, Magda"]
[Result "0-1"]
[BlackElo "1627"]
[WhiteElo "1407"]
[LiveChessVersion "1.4.8"]

1. e4 {[%clk 1:30:59]} e5 {[%clk 1:30:56]} 2. Nf3 {[%clk 1:31:27]} Nc6
{[%clk 1:31:23]} 3. Bc4 {[%clk 1:31:54]} Bc5 {[%clk 1:31:49]} 4. c3
{[%clk 1:32:21]} Nf6 {[%clk 1:32:14]} 5. d3 {[%clk 1:32:49]} h6 {[%clk 1:32:27]}
6. O-O {[%clk 1:33:12]} Bb6 {[%clk 1:32:47]} 7. Nbd2 {[%clk 1:33:28]} O-O
{[%clk 1:33:06]} 8. Re1 {[%clk 1:33:48]} d6 {[%clk 1:33:25]} 9. Nf1
{[%clk 1:34:02]} Ne7 {[%clk 1:33:41]} 10. Nh4 {[%clk 1:30:07]} Bg4
{[%clk 1:30:18]} 11. Qc2 {[%clk 1:28:53]} g5 {[%clk 1:30:13]} 12. h3
{[%clk 1:14:59]} gxh4 {[%clk 1:19:21]} 13. Bxh6 {[%clk 1:14:54]} Bh5
{[%clk 1:19:20]} 14. Bxf8 {[%clk 1:14:37]} Qxf8 {[%clk 1:19:42]} 15. Kh1
{[%clk 1:09:43]} Qg7 {[%clk 1:15:52]} 16. Nh2 {[%clk 1:09:56]} Kh8
{[%clk 1:12:34]} 17. Rg1 {[%clk 1:09:04]} Qh6 {[%clk 1:06:05]} 18. Raf1
{[%clk 0:44:26]} d5 {[%clk 1:02:54]} 19. exd5 {[%clk 0:37:52]} Nfxd5
{[%clk 1:02:17]} 20. g3 {[%clk 0:12:51]} hxg3 {[%clk 0:58:57]} 21. Rxg3
{[%clk 0:13:16]} Nf4 {[%clk 0:57:29]} 22. Qd2 {[%clk 0:11:14]} Nf5
{[%clk 0:56:57]} 23. Nf3 {[%clk 0:03:50]} Nxg3+ {[%clk 0:55:13]} 24. fxg3
{[%clk 0:04:12]} Bxf3+ {[%clk 0:54:23]} 25. Rxf3 {[%clk 0:04:35]} Qc6
{[%clk 0:52:37]} 26. Qd1 {[%clk 0:03:57]} Nxh3 {[%clk 0:52:56]} 27. Kg2
{[%clk 0:02:57]} Ng5 {[%clk 0:52:43]} 28. Qh1+ {[%clk 0:03:16]} Kg7
{[%clk 0:53:03]} 29. Qh5 {[%clk 0:03:08]} Qxf3+ {[%clk 0:53:15]} 30. Qxf3
{[%clk 0:03:33]} Nxf3 {[%clk 0:53:39]} 0-1

[Event "MP do lat 16 - dziewczeta"]
[Site "Sypniewo"]
[Date "2022.03.24"]
[Round "6.8"]
[White "Bialek, Alicja"]
[Black "Janikowska, Wiktoria"]
[Result "0-1"]
[BlackElo "1564"]
[WhiteElo "1383"]
[LiveChessVersion "1.4.8"]

1. e4 {[%clk 1:30:57]} c5 {[%clk 1:30:42]} 2. Nf3 {[%clk 1:31:21]} d6
{[%clk 1:31:01]} 3. c3 {[%clk 1:31:46]} Nf6 {[%clk 1:31:12]} 4. Be2
{[%clk 1:32:10]} Nc6 {[%clk 1:31:15]} 5. d4 {[%clk 1:32:35]} cxd4
{[%clk 1:30:55]} 6. cxd4 {[%clk 1:32:57]} Nxe4 {[%clk 1:30:07]} 7. d5
{[%clk 1:22:13]} Qa5+ {[%clk 1:30:11]} 8. Nc3 {[%clk 1:21:58]} Nxc3
{[%clk 1:30:17]} 9. bxc3 {[%clk 1:22:25]} Ne5 {[%clk 1:28:57]} 10. O-O
{[%clk 1:22:36]} g6 {[%clk 1:26:01]} 11. Nxe5 {[%clk 0:55:04]} dxe5
{[%clk 1:26:04]} 12. Qb3 {[%clk 0:54:29]} a6 {[%clk 1:02:27]} 13. c4
{[%clk 0:40:04]} Bg7 {[%clk 1:00:29]} 14. Ba3 {[%clk 0:37:27]} Bf6
{[%clk 0:52:20]} 15. Rfd1 {[%clk 0:26:11]} O-O {[%clk 0:51:26]} 16. Bb4
{[%clk 0:26:18]} Qd8 {[%clk 0:49:50]} 17. d6 {[%clk 0:25:42]} Bd7
{[%clk 0:49:34]} 18. dxe7 {[%clk 0:16:55]} Bxe7 {[%clk 0:49:41]} 19. Bxe7
{[%clk 0:17:22]} Qxe7 {[%clk 0:49:55]} 20. Qxb7 {[%clk 0:17:44]} Rfd8
{[%clk 0:47:55]} 21. Rd5 {[%clk 0:06:56]} Qe8 {[%clk 0:44:16]} 22. Qc7
{[%clk 0:05:06]} Be6 {[%clk 0:41:42]} 23. Rxd8 {[%clk 0:04:17]} Rxd8
{[%clk 0:41:24]} 24. Qxe5 {[%clk 0:04:26]} Qa4 {[%clk 0:40:52]} 25. Qc3
{[%clk 0:01:52]} Rc8 {[%clk 0:40:22]} 26. c5 {[%clk 0:01:03]} a5 {[%clk 0:38:29]}
27. a3 {[%clk 0:00:55]} Bd5 {[%clk 0:35:19]} 28. Rc1 {[%clk 0:00:34]} Qf4
{[%clk 0:27:02]} 0-1

[Event "MP do lat 16 - dziewczeta"]
[Site "Sypniewo"]
[Date "2022.03.24"]
[Round "6.9"]
[White "Szczotka, Matylda"]
[Black "Biniak, Zuzanna"]
[Result "1/2-1/2"]
[BlackElo "1257"]
[WhiteElo "1479"]
[LiveChessVersion "1.4.8"]

1. e4 {[%clk 1:30:58]} c5 {[%clk 1:30:56]} 2. Nf3 {[%clk 1:31:23]} d6
{[%clk 1:31:17]} 3. d4 {[%clk 1:31:42]} cxd4 {[%clk 1:31:40]} 4. Nxd4
{[%clk 1:32:07]} Nf6 {[%clk 1:32:00]} 5. Nc3 {[%clk 1:32:12]} g6 {[%clk 1:32:15]}
6. Be2 {[%clk 1:31:16]} Bg7 {[%clk 1:32:33]} 7. O-O {[%clk 1:29:48]} Nc6
{[%clk 1:31:54]} 8. Nb3 {[%clk 1:29:36]} a6 {[%clk 1:28:57]} 9. Re1
{[%clk 1:24:19]} b5 {[%clk 1:24:19]} 10. Bf1 {[%clk 1:18:50]} h5 {[%clk 1:17:19]}
11. Bf4 {[%clk 1:04:26]} O-O {[%clk 1:11:26]} 12. a3 {[%clk 0:56:53]} Ng4
{[%clk 1:04:53]} 13. h3 {[%clk 0:55:12]} Nge5 {[%clk 1:05:00]} 14. Rb1
{[%clk 0:50:08]} Rb8 {[%clk 0:49:18]} 15. Nd5 {[%clk 0:41:00]} Be6
{[%clk 0:41:34]} 16. c3 {[%clk 0:37:02]} Nd7 {[%clk 0:34:41]} 17. Bg3
{[%clk 0:23:29]} Nb6 {[%clk 0:30:20]} 18. Nc1 {[%clk 0:17:14]} Re8
{[%clk 0:20:54]} 19. Ne2 {[%clk 0:14:43]} f6 {[%clk 0:14:42]} 20. Nef4
{[%clk 0:11:06]} Bf7 {[%clk 0:15:02]} 21. h4 {[%clk 0:03:45]} Ne5
{[%clk 0:10:58]} 22. Be2 {[%clk 0:01:52]} e6 {[%clk 0:09:02]} 23. Ne3
{[%clk 0:01:14]} Rc8 {[%clk 0:06:08]} 24. Nd3 {[%clk 0:01:18]} Nxd3
{[%clk 0:04:16]} 25. Qxd3 {[%clk 0:01:31]} d5 {[%clk 0:04:02]} 26. Red1
{[%clk 0:00:49]} Qe7 {[%clk 0:03:51]} 27. Bf3 {[%clk 0:00:53]} Red8
{[%clk 0:03:37]} 28. Qe2 {[%clk 0:00:53]} dxe4 {[%clk 0:02:55]} 29. Bxe4
{[%clk 0:01:11]} f5 {[%clk 0:02:58]} 30. Bf3 {[%clk 0:00:56]} e5 {[%clk 0:03:15]}
31. Nc2 {[%clk 0:01:06]} Re8 {[%clk 0:02:01]} 32. Qe1 {[%clk 0:01:14]} f4
{[%clk 0:02:19]} 33. Bh2 {[%clk 0:01:28]} Qxh4 {[%clk 0:02:31]} 34. Bb7
{[%clk 0:00:45]} Rcd8 {[%clk 0:02:13]} 35. Bxa6 {[%clk 0:00:43]} Bc4
{[%clk 0:02:27]} 36. Bb7 {[%clk 0:00:49]} Bd3 {[%clk 0:02:18]} 37. Be4
{[%clk 0:00:52]} Bxe4 {[%clk 0:02:19]} 38. Qxe4 Qf6 {[%clk 0:02:10]} 39. Nb4
{[%clk 0:01:19]} Nc4 {[%clk 0:02:06]} 40. Qe2 {[%clk 0:30:36]} Kh7
{[%clk 0:30:53]} 41. a4 {[%clk 0:26:02]} f3 {[%clk 0:20:19]} 42. Qxf3
{[%clk 0:13:56]} Qxf3 {[%clk 0:20:31]} 43. gxf3 {[%clk 0:14:23]} Nd2
{[%clk 0:20:52]} 44. Ra1 {[%clk 0:13:59]} Nxf3+ {[%clk 0:20:22]} 45. Kg2
{[%clk 0:14:06]} Nxh2 {[%clk 0:20:32]} 46. Kxh2 {[%clk 0:14:30]} bxa4
{[%clk 0:20:45]} 47. Nd5 {[%clk 0:08:57]} Rb8 {[%clk 0:18:04]} 48. Rd2
{[%clk 0:07:12]} Kh6 {[%clk 0:06:15]} 49. Rxa4 {[%clk 0:06:42]} Kg5
{[%clk 0:05:35]} 50. Re2 {[%clk 0:03:28]} e4 {[%clk 0:03:28]} 51. Rb4
{[%clk 0:02:33]} Rxb4 {[%clk 0:02:56]} 52. Nxb4 {[%clk 0:02:56]} Be5+
{[%clk 0:02:57]} 53. Kg2 {[%clk 0:03:09]} Bb8 {[%clk 0:02:52]} 54. Nd5
{[%clk 0:01:40]} Kf5 55. b4 {[%clk 0:01:05]} Ke5 {[%clk 0:01:17]} 56. Ne3
{[%clk 0:01:00]} Rc8 {[%clk 0:01:25]} 57. c4 {[%clk 0:00:58]} Kd4
{[%clk 0:01:23]} 58. b5 {[%clk 0:00:40]} Kc5 {[%clk 0:01:38]} 59. Rb2
{[%clk 0:00:45]} Be5 {[%clk 0:01:23]} 60. Rb1 {[%clk 0:00:45]} Rb8
{[%clk 0:01:31]} 61. f3 {[%clk 0:00:33]} Kd4 {[%clk 0:01:26]} 62. Kf2
{[%clk 0:00:34]} exf3 {[%clk 0:01:14]} 63. Kxf3 {[%clk 0:00:43]} Rf8+
{[%clk 0:01:06]} 64. Ke2 {[%clk 0:01:04]} Bf4 {[%clk 0:01:02]} 65. Nd5
{[%clk 0:00:55]} Kxc4 {[%clk 0:00:55]} 66. Nxf4 {[%clk 0:00:48]} Rxf4
{[%clk 0:01:18]} 67. b6 {[%clk 0:01:11]} Rf8 {[%clk 0:01:39]} 68. b7
{[%clk 0:01:04]} Rb8 {[%clk 0:02:02]} 69. Kf3 {[%clk 0:01:29]} Kd5
{[%clk 0:01:34]} 70. Kf4 {[%clk 0:01:40]} Kc6 {[%clk 0:01:28]} 71. Kg5
{[%clk 0:01:36]} Rxb7 {[%clk 0:01:33]} 72. Rc1+ {[%clk 0:01:59]} Kd5
{[%clk 0:01:47]} 73. Kxg6 {[%clk 0:02:16]} h4 {[%clk 0:01:57]} 74. Rh1
{[%clk 0:02:34]} Rb4 {[%clk 0:02:13]} 75. Kh5 {[%clk 0:02:52]} Rb8
{[%clk 0:02:27]} 76. Rxh4 {[%clk 0:02:42]} 1/2-1/2

[Event "MP do lat 16 - dziewczeta"]
[Site "Sypniewo"]
[Date "2022.03.24"]
[Round "6.10"]
[White "Samol, Julia"]
[Black "Pietrzak, Emilia"]
[Result "1-0"]
[BlackElo "1474"]
[WhiteElo "1317"]
[LiveChessVersion "1.4.8"]

1. e4 {[%clk 1:30:59]} c5 {[%clk 1:30:27]} 2. Nf3 {[%clk 1:31:20]} e6
{[%clk 1:30:41]} 3. d4 {[%clk 1:31:40]} cxd4 {[%clk 1:30:59]} 4. Nxd4
{[%clk 1:32:05]} Nf6 {[%clk 1:31:24]} 5. Nc3 {[%clk 1:32:01]} d6 {[%clk 1:31:47]}
6. Bg5 {[%clk 1:25:25]} h6 {[%clk 1:26:43]} 7. Bh4 {[%clk 1:22:27]} Be7
{[%clk 1:20:14]} 8. Bg3 {[%clk 1:14:53]} a6 {[%clk 1:18:07]} 9. a4
{[%clk 1:10:27]} b6 {[%clk 1:09:24]} 10. Bd3 {[%clk 1:07:04]} Bb7
{[%clk 1:05:23]} 11. Qe2 {[%clk 1:06:41]} Nbd7 {[%clk 1:03:20]} 12. O-O
{[%clk 1:00:27]} O-O {[%clk 1:01:16]} 13. Rad1 {[%clk 0:53:25]} Nc5
{[%clk 0:56:33]} 14. f4 {[%clk 0:49:25]} Qc7 {[%clk 0:41:16]} 15. Rf3
{[%clk 0:37:29]} Rfd8 {[%clk 0:31:36]} 16. Be1 {[%clk 0:29:33]} d5
{[%clk 0:24:36]} 17. e5 {[%clk 0:28:16]} Nfe4 {[%clk 0:24:21]} 18. Rh3
{[%clk 0:22:05]} f5 {[%clk 0:14:08]} 19. Bxe4 {[%clk 0:16:49]} dxe4
{[%clk 0:09:47]} 20. b4 {[%clk 0:16:50]} Rxd4 {[%clk 0:06:54]} 21. Rxd4
{[%clk 0:16:47]} Nd7 {[%clk 0:07:22]} 22. Qc4 {[%clk 0:12:48]} Qxc4
{[%clk 0:06:14]} 23. Rxc4 {[%clk 0:13:17]} Rc8 {[%clk 0:05:33]} 24. Rxc8+
{[%clk 0:13:34]} Bxc8 {[%clk 0:06:03]} 25. Ne2 {[%clk 0:13:09]} Kf7
{[%clk 0:05:11]} 26. Nd4 {[%clk 0:12:17]} Bb7 {[%clk 0:05:23]} 27. Kf2
{[%clk 0:10:34]} Bd5 {[%clk 0:05:07]} 28. Re3 {[%clk 0:08:53]} g5
{[%clk 0:04:00]} 29. g3 {[%clk 0:08:44]} g4 {[%clk 0:03:46]} 30. Bd2
{[%clk 0:08:40]} Nb8 31. Re1 {[%clk 0:07:17]} Bc4 {[%clk 0:01:22]} 32. c3
{[%clk 0:06:52]} Ke8 {[%clk 0:01:15]} 33. Be3 {[%clk 0:06:58]} Kd7
{[%clk 0:01:00]} 34. Rh1 {[%clk 0:06:55]} Kc7 {[%clk 0:00:38]} 35. h3
{[%clk 0:07:06]} h5 {[%clk 0:01:03]} 36. hxg4 {[%clk 0:07:24]} hxg4
{[%clk 0:01:29]} 37. Rh6 {[%clk 0:06:41]} Kd7 {[%clk 0:01:38]} 38. Rh8
{[%clk 0:06:42]} Nc6 {[%clk 0:01:28]} 39. Nxc6 {[%clk 0:06:48]} Kxc6
{[%clk 0:01:55]} 40. Rc8+ {[%clk 0:36:56]} Kd5 {[%clk 0:32:01]} 41. Re8
{[%clk 0:35:03]} Bxb4 {[%clk 0:25:21]} 42. cxb4 {[%clk 0:35:28]} Bb3
{[%clk 0:24:53]} 43. a5 {[%clk 0:28:31]} bxa5 44. bxa5 {[%clk 0:28:56]} Ba2
{[%clk 0:17:08]} 45. Rc8 {[%clk 0:27:19]} 1-0